000 00743nam a2200229 i 4500
001 bgj
100 1 _aAESCHYLUS,
_d(525-456 B.C.).
245 1 0 _aOresteia /
_cAeschylus ; translated with an introduction by Richmond Lattimore.
260 _aNew York :
_bWashington Square Press,
_c1973.
300 _a185 pp ;
_c18 cm.
490 1 _aThe Complete Greek Tragedies. Pocket Books
650 9 _aGreek drama (|Tragedy)
_xTranslations into English
700 1 _aLATTIMORE, Richmond.
_etrans.
740 0 2 _aAgamemnon
740 0 2 _aThe Libation Bearers
740 0 2 _aThe Eumenides
830 0 _aThe Complete Greek Tragedies.
_pPocket Books
040 _cBPK
041 0 _aeng
_hgre
942 _cKS
008 s uk f |000 0 eng
999 _c48703
_d48703
856 _uhttp://koha.tu.koszalin.pl/cgi-bin/koha/opac-detail.pl?biblionumber=48703
_yKatalog online BPK